Franz Kumher, Malerei - Grafik - Lichtkinetik
| Titel: | Franz Kumher, Malerei - Grafik - Lichtkinetik / Manfred Boetzkes ; Dieter Lüttge |
|---|---|
| Beteiligt: | ; ; |
| Veröffentlicht: | Hildesheim [u.a.] : Olms [u.a.], 1992 |
| Umfang: | 76 S. : zahlr. Ill. |
| Format: | Buch |
| Sprache: | Deutsch |
| Schriftenreihe/ mehrbändiges Werk: |
Veröffentlichungen des Südostdeutschen Kulturwerks. Reihe A, Kultur und Dichtung ; 33 |
| RVK-Notation: | |
| ISBN: | 3487096153 ; 3883560871 |
| Hinweise zum Inhalt: |
Inhaltsverzeichnis
|
alg: 2399238
001A $06000:15-03-93
001B $01999:28-04-23 $t20:29:27.000
001D $09999:99-99-99
001U $0utf8
001X $00
002@ $0Aaxc
003@ $0023992387
003O $031086022 $aOCoLC
004A $03-487-09615-3
004A $03-88356-087-1
006G $0930337255
006U $093,A12,0857
007A $0930337255 $aDNB
007G $0DE02047FB667749D523F8C1257CFA00312920
009P $qapplication/pdf $A2 $3Inhaltsverzeichnis $uhttp://scans.hebis.de/HEBCGI/show.pl?02399238_toc.pdf $mV:DE-603;B:DE-Mb50
010@ $ager
011@ $a1992
021A $a@Franz Kumher, Malerei - Grafik - Lichtkinetik $hManfred Boetzkes ; Dieter Lüttge
028C $#Boetzkes, M. $71041531559 $8Boetzkes, Manfred$Z1941-2020 [Tp3] $9328213969
028C/01 $7 $8Lüttge, Dieter [Tnd] $9141152303
028C/02 $BIll. $7118725327 $8Kumher, Franz$Z1927-2018 [Tp1] $9087066106
033A $pHildesheim {[u.a.] $nOlms {[u.a.]
034D $a76 S.
034M $azahlr. Ill.
036E $aVeröffentlichungen des Südostdeutschen Kulturwerks. Reihe A, Kultur und Dichtung $l33
036F $x233 $8Veröffentlichungen des Südostdeutschen Kulturwerks. Reihe A, Kunst und Literatur $9049667068 $l33
037A $aLiteraturangaben
041A $7118725327 $8Kumher, Franz$Z1927-2018 [Tp1] $9087066106
045E $a46
045F $a709.498 $eDDC23BSB
045F/01 $a709
045F/03 $g498
045G $a306.094980904 $eDDC23BSB
045G/01 $a306.09
045G/03 $f0904
045G/03 $g498
045Z $8LI 99999 [Tkv] $9409939021
lok: 2399238 24
101B $010-06-14 $t11:58:31.000
101C $010-06-14
101U $0utf8
145Z/01 $a55 9 F
145Z/02 $a55 15 R
exp: 2399238 24 1 #EPN
201B/01 $010-06-14 $t15:31:32.000
201C/01 $010-06-14
201U/01 $0utf8
203@/01 $0732895553
208@/01 $a10-06-14 $bz
209A/01 $a14.05589 $du $f050 $h14 05589 $x00
209C/01 $a14.05589 T $h14 05589 T
209G/01 $a73415551 $x00
220C/01 $ahae
244Z/01 $7118725327 $8--Tp1--Kumher, Franz$Z1927-2018 $x01 $9087066106
247C/01 $8358050-7 Marburg, Bibliothek des Herder-Instituts Marburg $9102600961
| LEADER | 00000cam a22000002c 4500 | ||
|---|---|---|---|
| 001 | 023992387 | ||
| 003 | DE-603 | ||
| 005 | 20230428202927.0 | ||
| 007 | tu | ||
| 008 | 930315s1992 xx |||| | u00||u|ger | ||
| 015 | |a 93,A12,0857 |2 dnb | ||
| 016 | 7 | |2 DE-101 |a 930337255 | |
| 020 | |a 3487096153 | ||
| 020 | |a 3883560871 | ||
| 035 | |a (DE-599)DNB930337255 | ||
| 035 | |a (OCoLC)31086022 | ||
| 040 | |a DE-603 |b ger |c DE-603 |d DE-603 | ||
| 041 | |a ger | ||
| 082 | 0 | 4 | |8 1\u |a 709.498 |q DE-101 |2 23/BSB |
| 083 | 0 | |8 2\u |a 306.094980904 |q DE-101 |2 23/BSB | |
| 084 | |a 46 |q DE-101 |2 sdnb | ||
| 084 | |a LI 99999 |0 (DE-625)97471: |0 (DE-603)409939021 |2 rvk | ||
| 085 | |8 1\u |b 709 | ||
| 085 | |8 1\u |z 2 |s 498 | ||
| 085 | |8 2\u |b 306.09 | ||
| 085 | |8 2\u |z 1 |s 0904 | ||
| 085 | |8 2\u |z 2 |s 498 | ||
| 245 | 0 | 0 | |a Franz Kumher, Malerei - Grafik - Lichtkinetik |c Manfred Boetzkes ; Dieter Lüttge |
| 264 | 1 | |a Hildesheim [u.a.] |b Olms [u.a.] |c 1992 | |
| 300 | |a 76 S. |b zahlr. Ill. | ||
| 490 | 1 | |a Veröffentlichungen des Südostdeutschen Kulturwerks. Reihe A, Kultur und Dichtung |v 33 | |
| 500 | |a Literaturangaben | ||
| 600 | 1 | 7 | |a Kumher, Franz |d 1927-2018 |0 (DE-588)118725327 |0 (DE-603)087066106 |2 gnd |
| 700 | 1 | |a Boetzkes, Manfred |d 1941-2020 |0 (DE-603)328213969 |0 (DE-588)1041531559 |2 gnd | |
| 700 | 1 | |a Lüttge, Dieter |0 (DE-603)141152303 | |
| 700 | 1 | |a Kumher, Franz |d 1927-2018 |e Ill. |4 ill |0 (DE-603)087066106 |0 (DE-588)118725327 |2 gnd | |
| 810 | 2 | 2 | |a Südostdeutsches Kulturwerk |t Veröffentlichungen des Südostdeutschen Kulturwerks |n Reihe A |p Kunst und Literatur |v 33 |w (DE-603)049667068 |w (DE-600)503264-7 |9 233 |7 as |
| 856 | 4 | 2 | |m V:DE-603;B:DE-Mb50 |q application/pdf |u http://scans.hebis.de/HEBCGI/show.pl?02399238_toc.pdf |3 Inhaltsverzeichnis |
| 924 | 0 | |9 Mb 50 |a (DE-603)732895553 |b DE-Mb50 |c HES |d c |g 14.05589 | |


